000 00679nam a2200253Ia 4500
003 OSt
005 20221005055346.0
006 a|||||r|||| 00| 0
007 ta
008 221004b |||||||| |||| 00| 0 eng d
020 _a0262133717
024 _a33427
037 _cTextual
040 _aCRL
_cCRL
_beng
041 _2eng
_aeng
082 _aP:(G), P0
100 _aMarantz Alec Ed
245 0 _aImage language brain papers from the first mind articulation project symposium
260 _aLondon
_bMIT Press
_c2000
300 _a272p.
_ccm.
650 _aLINGUISTICS
942 _hP:(G), P0
_cTEXL
_2cc
999 _c964966
_d964966